[Event "TopJP2GB,Bischwiller-Sautron"]
[Site "?"]
[Date "2009.12.21"]
[Round "7"]
[White "Trouve, Guillaume"]
[Black "Guerin, Juliette"]
[Result "1-0"]
[WhiteElo "1724"]
[BlackElo "1370"]
[PlyCount "63"]
[EventDate "2009.12.20"]
[SourceDate "2009.12.28"]

1. e4 e5 2. Nf3 Nc6 3. Bc4 Bc5 4. c3 Nf6 5. d3 d6 6. Bb3 O-O 7. Nbd2 Be6 8. Nf1
d5 9. exd5 Nxd5 10. Ng3 Re8 11. O-O Qf6 12. Bg5 Qg6 13. Qd2 Kh8 14. Nh4 Qxg5
15. Qxg5 Rad8 16. Nhf5 Bxf5 17. Nxf5 g6 18. Nh6 Be7 19. Qg3 Rf8 20. Qf3 Nf6 21.
Nxf7+ Kg7 22. Nxd8 Rxd8 23. Rae1 Bc5 24. Kh1 h5 25. Qg3 Ng4 26. f4 Re8 27. fxe5
Ngxe5 28. d4 Nxd4 29. Rxe5 Rxe5 30. Qxe5+ Kh6 31. Qxc5 Nc6 32. Rf7 1-0

[Event "TopJP2GB,Clichy-Guingamp"]
[Site "?"]
[Date "2009.12.21"]
[Round "7"]
[White "Lagarde, Maxime"]
[Black "Peyre, Thomas"]
[Result "1-0"]
[WhiteElo "2393"]
[BlackElo "2015"]
[PlyCount "90"]
[EventDate "2009.12.20"]
[SourceDate "2009.12.28"]

1. e4 c5 2. Nf3 e6 3. d4 cxd4 4. Nxd4 a6 5. Bd3 Bc5 6. Nb3 Ba7 7. Nc3 Nc6 8.
Qe2 d6 9. Bd2 b5 10. O-O Nf6 11. Kh1 Ne5 12. f4 Nxd3 13. cxd3 O-O 14. e5 Nd5
15. Ne4 Bb8 16. d4 a5 17. Nxd6 Bxd6 18. exd6 b4 19. Nc5 Qxd6 20. Qe5 Rd8 21. a3
Nb6 22. axb4 Qxe5 23. fxe5 axb4 24. Rxa8 Nxa8 25. Rf4 Nb6 26. Rg4 Nd7 27. Bh6
g6 28. Bg5 Rf8 29. Kg1 Kg7 30. Rh4 Kg8 31. Kf1 f6 32. exf6 Nxf6 33. Rf4 Kg7 34.
Ke1 h6 35. Bxf6+ Rxf6 36. Rf3 Rf5 37. Rxf5 gxf5 38. Kf2 f4 39. g3 Kf7 40. Kf3
Ke7 41. Nd3 Ba6 42. Nxb4 Bb5 43. d5 Bc4 44. Nc2 h5 45. h4 Bxd5+ 1-0

[Event "TopJP2GB,Clichy-Guingamp"]
[Site "?"]
[Date "2009.12.21"]
[Round "7"]
[White "Deslias, Grégoire"]
[Black "Ane, Cédric"]
[Result "0-1"]
[WhiteElo "1865"]
[BlackElo "2058"]
[PlyCount "58"]
[EventDate "2009.12.20"]
[SourceDate "2009.12.28"]

1. d4 Nf6 2. c4 e6 3. Nc3 Bb4 4. Qc2 O-O 5. e4 c5 6. a3 Bxc3+ 7. bxc3 d5 8. e5
Ne4 9. Bd3 Nc6 10. Ne2 f5 11. Be3 b6 12. O-O Ba6 13. cxd5 Bxd3 14. Qxd3 Qxd5
15. Nf4 Qb3 16. Ne2 cxd4 17. Rfb1 Qd5 18. cxd4 Nxe5 19. Qa6 Qc4 20. Qxc4 Nxc4
21. Nf4 Kf7 22. Rc1 Rac8 23. d5 e5 24. Ne6 Rfe8 25. Bg5 Ncd6 26. Bd8 Nc3 27.
Kf1 Nxd5 28. Rxc8 Nxc8 29. Ng5+ Kg8 0-1

[Event "TopJP2GB,Clichy-Guingamp"]
[Site "?"]
[Date "2009.12.21"]
[Round "7"]
[White "Kambrath, Yannick"]
[Black "Purenne, Benoît"]
[Result "1/2-1/2"]
[WhiteElo "1890"]
[BlackElo "1911"]
[PlyCount "112"]
[EventDate "2009.12.20"]
[SourceDate "2009.12.28"]

1. d4 d5 2. c4 e6 3. Nc3 Be7 4. cxd5 exd5 5. Qc2 c6 6. h3 Nd7 7. Bf4 Ngf6 8. e3
Nf8 9. Bd3 Ng6 10. Bg5 O-O 11. Nge2 Re8 12. O-O-O Nd7 13. Bxe7 Qxe7 14. g4 b6
15. Ng3 Ngf8 16. Nce2 c5 17. Nf4 Qd6 18. dxc5 Nxc5 19. Bc4 Be6 20. Bxd5 Bxd5
21. Rxd5 Qc7 22. Kb1 Rac8 23. Rc1 Qb7 24. Qd2 Ne4 25. Nxe4 Rxc1+ 26. Qxc1 Rxe4
27. Rd8 Qe7 28. Rc8 h6 29. Qc2 Qb4 30. Nd3 Qd6 31. Nc1 Re7 32. Qc6 Qxc6 33.
Rxc6 Ne6 34. Nd3 Ng5 35. h4 Nf3 36. h5 Kh7 37. Kc2 Rd7 38. Rc3 g6 39. e4 Nh2
40. Ne5 Re7 41. f4 g5 42. Rh3 gxf4 43. Rxh2 Rxe5 44. Kd3 Kg7 45. Ke2 Ra5 46. a3
Kf6 47. Kf3 Ke7 48. Rd2 Rb5 49. Rd5 Rxd5 50. exd5 f6 51. b4 b5 52. d6+ Kxd6 53.
Kxf4 Ke6 54. Ke4 a6 55. Kf4 Ke7 56. Kf5 Kf7 1/2-1/2

[Event "TopJP2GB,Clichy-Guingamp"]
[Site "?"]
[Date "2009.12.21"]
[Round "7"]
[White "Le Bastard, Ronan"]
[Black "Eid, Amine"]
[Result "0-1"]
[WhiteElo "1614"]
[BlackElo "1866"]
[PlyCount "82"]
[EventDate "2009.12.20"]
[SourceDate "2009.12.28"]

1. e4 c5 2. Nc3 Nc6 3. g3 g6 4. Bg2 Bg7 5. d3 Nf6 6. Be3 d6 7. Nge2 O-O 8. O-O
Rb8 9. f4 e6 10. Qd2 Ng4 11. Nd1 Nxe3 12. Qxe3 Qe7 13. Kh1 Bd7 14. c3 b5 15. a3
a5 16. Nf2 b4 17. axb4 axb4 18. Rfb1 Rb6 19. d4 cxd4 20. cxd4 Rfb8 21. Rc1 e5
22. fxe5 dxe5 23. d5 Nd4 24. Ra7 R6b7 25. Rc7 Rxc7 26. Rxc7 Qd6 27. Rc1 Bb5 28.
Nxd4 exd4 29. Qd2 h5 30. Bh3 Re8 31. Rc8 Rxc8 32. Bxc8 Qe7 33. Bh3 Kh7 34. Bg2
Qc5 35. b3 Qc3 36. Qd1 Be5 37. Kg1 d3 38. Bf3 d2 39. Be2 Bxe2 40. Qxe2 Bd4 41.
Kg2 Bxf2 0-1

[Event "TopJP2GB,Clichy-Guingamp"]
[Site "?"]
[Date "2009.12.21"]
[Round "7"]
[White "Banat, Rizlene"]
[Black "Ginovart, Axel"]
[Result "1-0"]
[WhiteElo "1570"]
[BlackElo "1798"]
[PlyCount "99"]
[EventDate "2009.12.20"]
[SourceDate "2009.12.28"]

1. Nf3 d5 2. c4 e6 3. g3 c5 4. Bg2 Nc6 5. cxd5 exd5 6. d4 Nf6 7. O-O h6 8. b3
cxd4 9. Nxd4 Bc5 10. Bb2 O-O 11. Na3 Re8 12. Nxc6 bxc6 13. Rc1 Qb6 14. Qc2 Nd7
15. Bh3 Bxa3 16. Bxa3 Ne5 17. Bxc8 Raxc8 18. Bb2 Nd7 19. e3 Ne5 20. Bxe5 Rxe5
21. Qc5 Qxc5 22. Rxc5 Kf8 23. Rfc1 Re6 24. Rxd5 Ke7 25. Rdc5 Kd6 26. Kf1 Re5
27. Rxe5 Kxe5 28. Rc5+ Kd6 29. b4 Rb8 30. a3 Rb5 31. Rxb5 cxb5 32. Ke2 Ke5 33.
Kd3 Kd5 34. e4+ Ke5 35. f4+ Ke6 36. Kd4 Kd6 37. h3 h5 38. g4 hxg4 39. hxg4 f6
40. f5 a6 41. e5+ fxe5+ 42. Ke4 Kd7 43. Kxe5 Ke7 44. g5 Kd7 45. f6 gxf6+ 46.
gxf6 Kd8 47. Kd6 Ke8 48. Ke6 Kf8 49. f7 Kg7 50. Ke7 1-0

[Event "TopJP2GB,Clichy-Guingamp"]
[Site "?"]
[Date "2009.12.21"]
[Round "7"]
[White "Le Bihan, Alison"]
[Black "Vigna, Léo"]
[Result "0-1"]
[WhiteElo "1390"]
[BlackElo "1099"]
[PlyCount "80"]
[EventDate "2009.12.20"]
[SourceDate "2009.12.28"]

1. e4 e5 2. Nf3 Nc6 3. Bc4 Nf6 4. Nc3 Bc5 5. O-O d6 6. h3 O-O 7. d3 h6 8. Be3
Bb6 9. Nd5 Nxd5 10. Bxd5 Na5 11. b4 Bxe3 12. fxe3 c6 13. Bb3 Nxb3 14. axb3 Qb6
15. Qd2 Be6 16. Rfe1 f5 17. exf5 Bxf5 18. Rf1 Rf7 19. Nh4 Raf8 20. Nxf5 Rxf5
21. Rxf5 Rxf5 22. Rf1 Rf4 23. c3 d5 24. g3 Rxf1+ 25. Kxf1 Qa6 26. Kf2 Kf7 27.
c4 b6 28. Kf3 Qc8 29. g4 h5 30. Qf2 hxg4+ 31. hxg4 Kg6 32. Qh2 e4+ 33. dxe4
dxe4+ 34. Ke2 Qxg4+ 35. Kd2 Qd7+ 36. Kc2 Qd3+ 37. Kb2 Qxe3 38. Qd6+ Kh7 39.
Qxc6 Qd4+ 40. Ka3 Qa1# 0-1

[Event "TopJP2GB,Clichy-Guingamp"]
[Site "?"]
[Date "2009.12.21"]
[Round "7"]
[White "Kieffer, Anatole"]
[Black "Le Graët, Gaëtan"]
[Result "1-0"]
[WhiteElo "1550"]
[BlackElo "1190"]
[PlyCount "47"]
[EventDate "2009.12.20"]
[SourceDate "2009.12.28"]

1. e4 e5 2. Nf3 Nc6 3. Bc4 Bc5 4. c3 Nf6 5. d3 Ng4 6. O-O O-O 7. h3 Nf6 8. Be3
Bxe3 9. fxe3 d5 10. exd5 Nxd5 11. Qe2 Bf5 12. Nbd2 Re8 13. Nh2 e4 14. Rxf5 g6
15. Rxd5 Qh4 16. Nxe4 Ne7 17. Rg5 Red8 18. Nf3 Qh6 19. Nf6+ Kh8 20. Rf1 Nf5 21.
e4 Nh4 22. Ne5 Qg7 23. Nxf7+ Qxf7 24. Bxf7 1-0

[Event "TopJP2GB,Clichy-Guingamp"]
[Site "?"]
[Date "2009.12.21"]
[Round "7"]
[White "Vigna, Liza"]
[Black "Denizet, Briac"]
[Result "1-0"]
[WhiteElo "1009"]
[BlackElo "1010"]
[PlyCount "55"]
[EventDate "2009.12.20"]
[SourceDate "2009.12.28"]

1. e4 e5 2. Nf3 Nc6 3. Nc3 Bb4 4. a3 Bxc3 5. bxc3 Nf6 6. Bd3 O-O 7. O-O d6 8.
h3 Ng4 9. hxg4 Bxg4 10. Bb5 Qf6 11. Bxc6 bxc6 12. Rb1 Qg6 13. Re1 f5 14. Re3 f4
15. Re1 d5 16. Nxe5 Bxd1 17. Nxg6 hxg6 18. Rxd1 dxe4 19. d4 Kf7 20. Bxf4 Rh8
21. Bxc7 Rh4 22. Rb7 Rah8 23. Bd8+ Kg8 24. Bxh4 Rxh4 25. d5 cxd5 26. Rxd5 Kh8
27. Rdd7 Kh7 28. Rxg7+ 1-0

[Event "TopJP2GB,Clichy-Guingamp"]
[Site "?"]
[Date "2009.12.21"]
[Round "7"]
[White "Denizet, Briac"]
[Black "Kieffer, Anatole"]
[Result "0-1"]
[WhiteElo "1010"]
[BlackElo "1550"]
[PlyCount "58"]
[EventDate "2009.12.20"]
[SourceDate "2009.12.28"]

1. e4 e5 2. Nf3 Nc6 3. a3 Bc5 4. Nc3 d6 5. Bb5 Nf6 6. O-O O-O 7. Nd5 Nxd5 8.
exd5 Ne7 9. Bc4 Bg4 10. Be2 Nxd5 11. h3 Be6 12. Ng5 Qxg5 13. d3 Qe7 14. Bf3 f5
15. Bh5 Nf6 16. Bf3 c6 17. Bg5 Qc7 18. Bxf6 Rxf6 19. Re1 Qb6 20. Re2 Raf8 21.
g4 fxg4 22. Bxg4 Bxg4 23. hxg4 Rxf2 24. Re4 Rf1+ 25. Kg2 Rxd1 26. Rxd1 Bg1 27.
Rxg1 Qf2+ 28. Kh3 Rf3+ 29. Rg3 Qxg3# 0-1

[Event "TopJP2GB,Clichy-Guingamp"]
[Site "?"]
[Date "2009.12.21"]
[Round "7"]
[White "Le Graët, Gaëtan"]
[Black "Vigna, Liza"]
[Result "0-1"]
[WhiteElo "1190"]
[BlackElo "1009"]
[PlyCount "58"]
[EventDate "2009.12.20"]
[SourceDate "2009.12.28"]

1. e4 e5 2. Nf3 Nc6 3. Bc4 Nf6 4. Nc3 Nxe4 5. Nxe4 d5 6. Bb5 dxe4 7. Nxe5 Qd5
8. Bxc6+ bxc6 9. Nd3 exd3 10. cxd3 Qxg2 11. Qe2+ Be7 12. Rf1 Bg4 13. Qe3 Bh3
14. Qe2 Rd8 15. b3 Rd6 16. Kd1 Bg4 17. f3 Qxe2+ 18. Kxe2 Bf5 19. Ba3 Rd7 20.
Bxe7 Bxd3+ 21. Kd1 Bxf1 22. Bc5 Rd5 23. Bxa7 O-O 24. Rc1 Re8 25. Rxc6 Re2 26.
Rxc7 Rdxd2+ 27. Kc1 h6 28. Rc8+ Kh7 29. Rc2 Rxc2+ 0-1